| 000 | 01013nam0a22002651 4500 | ||
|---|---|---|---|
| 001 | RU\INFOCOMM_322\NLR\5000220531 | ||
| 005 | 20250613112026.0 | ||
| 035 | _a(NLR Aleph) 009601907 | ||
| 090 |
_a9316245 _c9316245 |
||
| 100 | _a20130311d1955 |||y0rusy50 ca | ||
| 101 | 0 | _aeng | |
| 102 | _aRU | ||
| 105 | _ay z ||||| | ||
| 200 | 1 |
_aFor peace _eSpeeches and addresses _h2-d series _i1952-1954 _fNicholas, Metropolitan of Krutitzy and Kolomna, Member of the Sacred synod of the Russian orthodox church, Member of the World peace council |
|
| 210 |
_aM. _cPubl. by the Moscow patriarchate _d1955 |
||
| 215 |
_a152 с., 1 л. портр. _cпортр. _d20 см |
||
| 300 | _aЗагл. 1-го выпуска: We will defend peace! 1949-1952 | ||
| 620 | _aМосква | ||
| 686 |
_aИ1837 _2rubbk |
||
| 700 | 0 |
_aNikolaj _cмитрополит Крутицкий и Коломенский |
|
| 801 | 1 |
_aRU _bInfocomm _c20130311 |
|
| 801 | 0 |
_aRU _bINFOCOMM _gPSBO |
|
| 852 |
_aNLR _jИ25 Г-3/181 |
||
| 942 | _cBOOK | ||
| 980 | _aNB | ||